LEADER 01405nam a2200217 i 4500 001 000000129150 003 CaOOAMICUS 005 20040915000000.0 008 040915s1987 vc u000 u lat u 013 $a101883 040 $aSeMil$bita 245 10$aElenchus definitivus propositionum :$bexitus suffragationis cum expensione modorum propositorum (sub secreto) : de vocatione et missione laicorum in ecclesia et in mundo viginti annis a Concilio Vaticano 2. elapsis. 300 $a103 p. 490 0 $aSynodus Episcoporum 500 $aIn testa al front. : Synodus Episcoporum. - In mezzo al front. : Textus septimo coetui Synodi episcoporum reservatus (cf. Ordo Synodi, art. 20). - Il complemento al titolo precede il titolo. 773 0 $aSinodo dei Vescovi <7. ; 1987>$tRelatio circa labores peractos in septimo coetu generali ordinario Synodi Episcoporum.$dE Civitate Vaticana : [s.n.], 1985-1987.$w()12121 830 0$aSynodus Episcoporum.$0(OLS)http://semarc/title/13886 850 $aSeMil 852 $aSeMil$W1$xVenegono$y1$mFV.E VII 155/12$j83279$B83279$CSeMilBibl$Z2$F86258 $8B 961 $aOmaggio: Martini Card. Carlo Maria 996 $6245$aElenchus definitivus propositionum :$bexitus suffragationis cum expensione modorum propositorum (sub secreto) : de vocatione et missione laicorum in ecclesia et in mundo viginti annis a Concilio Vaticano 2. elapsis$9(OLS)http://semarc/title/190888 LEADER 01800nam a2200325 i 4500 001 000000104274 003 CaOOAMICUS 005 20240417142817.0 008 020208s1997 gw u010 u ger u 013 $a76462 020 $a3-11-015388-2 040 $aSeMil$bita 245 00$aJesus Christus als die Mitte der Schrift :$bStudien zur Hermeneutik des Evangeliums /$cherausgegeben von Christof Landmesser, Hans-Joachim Eckstein, Hermann Lichtenberger. 264 1$aBerlin ; New York :$bDe Gruyter,$c1997. 300 $aXII, 1000 p. ;$c24 cm. 490 0 $aBeihefte zur Zeitschrift für die neutestamentliche Wissenschaft und die Kunde der älteren Kirche ;$v86 600 04$aGesù Cristo.$0(OLS)http://semarc/subject/712 650 4$aBibbia. Nuovo Testamento. Vangeli - Commentari, studi, critica, interpretazioni.$0(OLS)http://semarc/subject/537 700 1 $aLandmesser, Christof,$d<1959- >.$0(OLS)http://semarc/name/44163 700 1 $aHofius, Otfried,$d<1937- >,$ededicatario miscellanea.$0(OLS)http://semarc/name/1986 700 1 $aLichtenberger, Hermann.$0(OLS)http://semarc/name/35098 700 1 $aEckstein, Hans-Joachim,$d<1950- >.$0(OLS)http://semarc/name/24103 830 0$aBeihefte zur Zeitschrift für die neutestamentliche Wissenschaft und die Kunde der älteren Kirche ;$v86.$0(OLS)http://semarc/title/296 850 $aSeMil 852 $aSeMil$W1$xVenegono$y1$m2XA R 86$j247679$B60673$CSeMilBibl$Z2$F70761 $81 961 $aSottoscrizione: De Gruyter 996 $6020$a3-11-015388-2$9(OLS)http://semarc/number/84194 996 $6245$aJesus Christus als die Mitte der Schrift :$bStudien zur Hermeneutik des Evangeliums$9(OLS)http://semarc/title/151230 996 $6264$aBerlin ; New York :$bDe Gruyter$9(OLS)http://semarc/publisher/29892